000 00355nam a2200145Ia 4500
003 OSt
005 20240301113239.0
008 170524s9999 xx 000 0 und d
020 _a978-8173917172
040 _ciimtu meerut
100 _aBHATTACHARJEE- SHYMALI
245 0 _aMEDIA AND MASS COMMUNICATION
260 _bNEW DELHI: KANISHKA
942 _2ddc
_c02
999 _c9337
_d9337